00854naa a2200145 i 45000010005000000030009000050050017000140080039000310400021000701000145000912450114002367000125003507730077004757000156005529716KOSZ 00520191005110903.0151212s2008 pl n f |000 0pol cBPKdKOSZ 005/EG1 aBOCEWICZ, Grzegorz.d2006 - .bPolitechnika Koszalińska - Wydział Elektroniki i Informatyki,cZakład Podstaw Informatyki i Zarządzania10aDecision support tool for projects portfolio prototyping /cGrzegorz Bocewicz, Irena Bach, Zbigniew Banaszak.1 aBANASZAK, Zbigniew.bPolitechnika Koszalińska - Wydział Elektroniki i Informatyki,cKatedra Telekomunikacjid2003 - .0 iW :tApplied Computer Science. - g2008, T. 4, nr 2, s. 43-62x1895-37351 aBach-Dąbrowska, IrenaeAutorbPolitechnika Koszalińska - Wydział Elektroniki i Informatyki,cKatedra Podstaw Informatyki i Zarządzaniad2006 - .